Annual report of the New Jersey State Hospital at Trenton, N.J., for the year ending ...

Bibliographic Details
Previous Title:Annual reports of the officers of the New Jersey State Lunatic Asylum at Trenton
Corporate Author: New Jersey State Hospital at Trenton
Format: Serial
Language:English
Published: Trenton, N.J. : The Board, 1905-
Subjects:

MARC

Tag First Indicator Second Indicator Subfields
LEADER 00000cas a2200000Ka 4500
001 in00001800813
005 20151025190450.0
008 870512u1905uuuunjuar s0 a0eng d
035 |a (OCoLC)ocm15671709 
040 |a NJL  |c NJL  |d OCL  |d TXA  |d UtOrBLW 
049 |a TXAM 
090 |a RC445.N5  |b T73 
092 |a 974.901  |b H82 
110 2 |a New Jersey State Hospital at Trenton. 
245 1 0 |a Annual report of the New Jersey State Hospital at Trenton, N.J., for the year ending ... 
246 3 3 |a Annual report of the board of managers of the New Jersey State Hospital at Trenton, N.J. 
264 1 |a Trenton, N.J. :  |b The Board,  |c 1905- 
264 3 |a Trenton, N.J. :  |b MacCrellish and Quigley, State Printers 
300 |a volumes :  |b illustrations ;  |c 21 cm. 
336 |a text  |b txt  |2 rdacontent 
337 |a unmediated  |b n  |2 rdamedia 
338 |a volume  |b nc  |2 rdacarrier 
362 0 |a 1905- 
650 0 |a Psychiatric hospitals  |z New Jersey  |z Trenton  |v Periodicals. 
780 0 0 |t Annual reports of the officers of the New Jersey State Lunatic Asylum at Trenton 
994 |a E0  |b TXA 
948 |a cataloged  |b h  |c 2003/12/17  |d c  |e mzajicek  |f 11:15:52 am 
999 |a MARS 
999 f f |s 3c117b91-3060-3733-8f6e-e0a3b5fadaae  |i df338414-dd37-3742-9cbd-70e0c58c2620  |t 0 
952 f f |p noncirc  |a Texas A&M University  |b College Station  |c Cushing Memorial Library & Archives  |d Cushing: Rare Books (Does not check out)  |t 0  |e RC445.N5 T73  |h Library of Congress classification  |i unmediated -- volume 
998 f f |a RC445.N5 T73  |s 1906-1907  |t 0  |l Cushing: Rare Books (Does not check out)